[Event "GRE-ch U14 Girls"]
[Site "Peristeri"]
[Date "2023.07.08"]
[Round "8"]
[White "Seretaki, Myrto"]
[Black "Platsaki, Evgenia Valeria"]
[Result "1-0"]
[WhiteElo "1314"]
[BlackElo "1515"]
[PlyCount "59"]
[EventDate "2023.07.03"]
[EventType "swiss"]
[EventRounds "9"]
[EventCountry "GRE"]
[SourceTitle "EXT 2024"]
[Source "ChessBase"]
[SourceDate "2023.10.10"]
[SourceVersion "1"]
[SourceVersionDate "2023.10.10"]
[SourceQuality "1"]

1. e4 c5 2. Nf3 Nc6 3. d4 cxd4 4. Nxd4 g6 5. c4 Nf6 6. Nc3 Nxd4 7. Qxd4 d6 8. c5 dxc5 9. Qxc5 Bg7 10. Be2 0-0 11. 0-0 b6 12. Qe3 Ng4 13. Qg3 Be5 14. f4 Bd4+ 15. Kh1 Bxc3 16. Qxc3 Bd7 17. Bxg4 Bxg4 18. f5 Rc8 19. Qg3 Be2 20. Re1 Qd3 21. Bh6 Rfe8 22. Qe5 f6 23. Qe6+ Kh8 24. Qf7 Rg8 25. Qxe7 Rc6 26. Rac1 Qb5 27. Rxc6 Qxc6 28. Rc1 Qxc1+ 29. Bxc1 Rb8 30. Bh6 1-0

[Event "GRE-ch U14 Girls"]
[Site "Peristeri"]
[Date "2023.07.06"]
[Round "5"]
[White "Toumpakari, Maria"]
[Black "Seretaki, Myrto"]
[Result "0-1"]
[WhiteElo "1400"]
[BlackElo "1314"]
[PlyCount "88"]
[EventDate "2023.07.03"]
[EventType "swiss"]
[EventRounds "9"]
[EventCountry "GRE"]
[SourceTitle "EXT 2024"]
[Source "ChessBase"]
[SourceDate "2023.10.10"]
[SourceVersion "1"]
[SourceVersionDate "2023.10.10"]
[SourceQuality "1"]

1. e4 c5 2. Nf3 d6 3. d4 cxd4 4. Nxd4 Nf6 5. Nc3 g6 6. Be3 Bg7 7. f3 Nc6 8. Qd2 0-0 9. 0-0-0 Qa5 10. Nb3 Qc7 11. g4 Be6 12. g5 Nh5 13. Kb1 a6 14. f4 b5 15. Be2 Na5 16. Nxa5 Qxa5 17. Nd5 Qa4 18. Bxh5 gxh5 19. Qb4 Qxb4 20. Nxb4 h6 21. f5 Bd7 22. f6 exf6 23. Rxd6 Rfd8 24. Rhd1 Bf8 25. Rxa6 Bxb4 26. Rxd7 hxg5 27. c3 Bf8 28. Rxd8 Rxd8 29. Rxf6 Be7 30. Rf5 f6 31. Bd4 Kf7 32. Rxb5 h4 33. Rf5 Rh8 34. Rf2 Ke6 35. Kc2 Rh5 36. Kd3 g4 37. Rg2 Bd6 38. Bg1 Rg5 39. Be3 h3 40. Rd2 Rg8 41. Bg1 g3 42. hxg3 Rxg3+ 43. Ke2 Rxg1 44. Kf3 h2 0-1

[Event "GRE-ch U14 Girls"]
[Site "Peristeri"]
[Date "2023.07.05"]
[Round "4"]
[White "Kollia, Evgenia"]
[Black "Seretaki, Myrto"]
[Result "1/2-1/2"]
[WhiteElo "1235"]
[BlackElo "1314"]
[PlyCount "65"]
[EventDate "2023.07.03"]
[EventType "swiss"]
[EventRounds "9"]
[EventCountry "GRE"]
[SourceTitle "EXT 2024"]
[Source "ChessBase"]
[SourceDate "2023.10.10"]
[SourceVersion "1"]
[SourceVersionDate "2023.10.10"]
[SourceQuality "1"]

1. e4 c5 2. Nf3 d6 3. d4 cxd4 4. Nxd4 Nf6 5. Nc3 g6 6. Be3 Bg7 7. Be2 0-0 8. 0-0 Nc6 9. Qd2 Ng4 10. Bxg4 Bxg4 11. h3 Bd7 12. Rab1 Rc8 13. Rfe1 Ne5 14. Nd1 Nc4 15. Qd3 Qa5 16. Nc3 Nxb2 17. Rxb2 Rxc3 18. Qd2 Qc7 19. Rxb7 Qxb7 20. Qxc3 Qxe4 21. Qd3 Qxd3 22. cxd3 Rc8 23. Rb1 e5 24. Nf3 Be6 25. a4 a5 26. Rb6 Bd7 27. Rxd6 Bxa4 28. Ra6 Bc6 29. Rxa5 Bxf3 30. gxf3 Rd8 31. Kf1 f5 32. Ra3 Rd7 33. f4 1/2-1/2

[Event "GRE-ch U20 Girls"]
[Site "Trikala"]
[Date "2022.08.28"]
[Round "5"]
[White "Seretaki, Myrto"]
[Black "Kavakopoulou, Ioulia Anastasia"]
[Result "0-1"]
[WhiteElo "1111"]
[BlackElo "1430"]
[PlyCount "66"]
[EventDate "2022.08.25"]
[EventType "swiss"]
[EventRounds "9"]
[EventCountry "GRE"]
[SourceTitle "CBM 210 Extra"]
[Source "ChessBase"]
[SourceDate "2022.11.30"]
[SourceVersion "1"]
[SourceVersionDate "2022.11.30"]
[SourceQuality "1"]

1. e4 e6 2. c4 d5 3. cxd5 exd5 4. exd5 Qxd5 5. Nc3 Qd8 6. d4 c6 7. Bc4 Nf6 8. h3 Be7 9. Nf3 0-0 10. 0-0 Nbd7 11. d5 Nb6 12. Bb3 Nbxd5 13. Re1 Bb4 14. Nxd5 Bxe1 15. Nxf6+ Qxf6 16. Qxe1 Bxh3 17. Ng5 Bf5 18. Qb4 b6 19. Nxf7 Rxf7 20. Bxf7+ Qxf7 21. Qc3 Qg6 22. Be3 Be4 23. Qc4+ Bd5 24. Qf1 h5 25. Rd1 h4 26. Kh2 Re8 27. Rd4 Rxe3 28. Rxd5 cxd5 29. fxe3 Qg3+ 30. Kh1 Qxe3 31. Qd1 d4 32. Qg4 d3 33. Qxh4 Qh6 0-1